Online
Catalog

Oeuvres de Molière / (Record no. 17933)

MARC details
000 -CABECERA
campo de control de longitud fija 00742cam a2200205u 4500
001 - NÚMERO DE CONTROL
campo de control 000018412
005 - FECHA Y HORA DE LA ÚLTIMA TRANSACCIÓN
campo de control 20200929165511.0
008 - DATOS DE LONGITUD FIJA--INFORMACIÓN GENERAL
campo de control de longitud fija 840214s1930 fr 000 d fre d
040 ## - FUENTE DE LA CATALOGACIÓN
Centro catalogador/agencia de origen DO-SdBNP
Lengua de catalogación spa
Centro/agencia transcriptor BNPHU
100 1# - ENTRADA PRINCIPAL--NOMBRE DE PERSONA
Nombre de persona Molière, Jean-Baptiste Poquelin
Fechas asociadas al nombre 1622-1673.
9 (RLIN) 39866
245 10 - MENCIÓN DE TÍTULO
Título Oeuvres de Molière /
Mención de responsabilidad, etc. Molière ; publiées avec des notices par Jacques Copeau.
260 ## - PUBLICACIÓN, DISTRIBUCIÓN, ETC.
Lugar de publicación, distribución, etc. Paris :
Nombre del editor, distribuidor, etc. La Cité des Livres,
Fecha de publicación, distribución, etc. 1930.
300 ## - DESCRIPCIÓN FÍSICA
Extensión 6 v. ;
Dimensiones 19 cm.
500 ## - NOTA GENERAL
Nota general Biblioteca posee vol. 4, 5 y 8
600 14 - PUNTO DE ACCESO ADICIONAL DE MATERIA--NOMBRE DE PERSONA
Nombre de persona MOLIÈRE, JEAN-BAPTISTE POQUELIN
Fechas asociadas al nombre 1622-1673
Subdivisión general COLECCIÓN DE ESCRITOS
9 (RLIN) 39867
650 24 - PUNTO DE ACCESO ADICIONAL DE MATERIA--TÉRMINO DE MATERIA
Término de materia o nombre geográfico como elemento de entrada Literatura francesa
9 (RLIN) 1074
650 24 - PUNTO DE ACCESO ADICIONAL DE MATERIA--TÉRMINO DE MATERIA
Término de materia o nombre geográfico como elemento de entrada Teatro francés
9 (RLIN) 5359
650 24 - PUNTO DE ACCESO ADICIONAL DE MATERIA--TÉRMINO DE MATERIA
Término de materia o nombre geográfico como elemento de entrada Comedia francesa
9 (RLIN) 13396
700 1# - PUNTO DE ACCESO ADICIONAL--NOMBRE DE PERSONA
Nombre de persona Copeau, Jacques
9 (RLIN) 39868
Holdings
Estado de retiro Estado de pérdida Restricciones de uso No para préstamo Código de colección Localización permanente Ubicación/localización actual Ubicación en estantería Fecha de adquisición Número de inventario Total de préstamos Signatura topográfica completa Código de barras Fecha visto por última vez Precio válido a partir de Tipo de ítem Koha
      Excluido de préstamo Monografías: Libros y Folletos General General En catalogación 06.05.2010 LF1   v.4 18412-10 25.06.2020 25.06.2020 No se presta
      Excluido de préstamo Monografías: Libros y Folletos General General En catalogación 25.01.2012 LF1   v.5 18412-20 25.06.2020 25.06.2020 No se presta
      Excluido de préstamo Monografías: Libros y Folletos General General En catalogación 25.01.2012 LF1   v.8 18412-30 25.06.2020 25.06.2020 No se presta

Powered by Koha